01484cam a22003255i 4500999001700000001000900017003000900026005001700035008004100052020002500093040003800118082001900156100004200175245008500217250002000302264007100322300004500393336002600438337002800464338002700492490002800519504005100547520026800598650004600866650004400912653002800956655001700984942001201001952014501013 c27617d2758818754405EG-ScBUE20190911125817.0150821s2016 enka f b 001 0 eng d a9781138947344 (pbk.) aDLCbengerdacDLCdDLCdEG-ScBUE04a428.2bBUR2221 aBurton-Roberts, Noel,d1948-eauthor.10aAnalysing sentences :ban introduction to English syntax /cNoel Burton-Roberts. aFourth Edition. 1aAbingdon ;aNew York :bRoutledge / taylor & Francis Group,c2016. axv, 278 pages :billustrations ;c24 cm. atextbtxt2rdacontent aunmediatedbn2rdamedia avolumebnc2rdacarrier0 aLearning about language aIncludes bibliographical references and index. aThis highly successful text has long been considered a standard introduction to the practical analysis of English sentence structure. As in previous editions, key concepts such as constituency, category and function are carefully explained as they are introduced. 7aEnglish languagexSentences.2BUEsh95283 7aEnglish languagexSyntax.2BUEsh940636 bHHUUEENNcSeptember2019 vReading book 2ddccBB 00102ddc40708BaccahaMAINbMAINc2NDd2019-09-11ePurchaseg750.00l0o428.2 BURp000048059r2025-07-15 00:00:00v937.50w2019-09-11yBB